Statistiken für Bundestagsfraktionen seit 1945

Klicken Sie hier um das Quiz zu spielen!

Allgemein

  • Dieses Quiz wurde 107 mal gespielt
  • Das Durchschnittsergebnis liegt bei 7 aus 13

Antwortstatistiken

Anzahl Legislaturperioden Fraktion % Korrekt
19Union
100%
19SPD
100%
18FDP
100%
10Bündnis 90 / Die Grünen
100%
8Die Linke
99%
1AfD
99%
1KPD
52%
1,5Zentrumspartei
35%
2Deutsche Partei
21%
0,5Bayernpartei
20%
1GB / BHE
10%
1WAV
6%
0,5Föderalistische Union
1%

Verteilung der Resultate

Perzentil nach korrekt beantworteten Fragen

Anzahl Personen mit jedem Resultat

Ihre Resultats-Entwicklung

Sie haben dieses Quiz noch nicht gespielt